Universidades Pb︢licas, rǧimen jurd̕ico: informes sobre casos prc̀ticos /

Detalles Bibliográficos
Autor principal: Peą Callejas, Pilar
Autor Corporativo: Instituto Nacional de Administracin̤ Pb︢lica (Espaą)
Formato: Libro
Lenguaje:español
Publicado: Madrid : Instituto Nacional de Administracin̤ Pb︢lica, 2008.
Colección:Estudios y documentos / Instituto Nacional de Administracin̤ Pb︢lica
Materias:
Acceso en línea:Acceso restringido

MARC

LEADER 00000nam a2200000 i 4500
005 20110712110556.0
008 081017s2008 sp 000 0 spa d
017 |a M-21.993-2008  
020 |a 9788473512749 
035 |a 5527 
040 |a SpMaUCDE  |d BUS  |d vLex 
080 |a 378.4:351.851(460) 
090 |c 2214  |d 2214 
100 1 |a Peą Callejas, Pilar. 
245 1 0 |a Universidades Pb︢licas, rǧimen jurd̕ico:  |b informes sobre casos prc̀ticos /  |c Pilar Peą Callejas.  |h [Recurso electrn̤ico] 
256 |a Servicio en ln̕ea. 
260 |a Madrid :  |b Instituto Nacional de Administracin̤ Pb︢lica,  |c 2008. 
300 |a 389 p. ;  |c 24 cm. 
490 1 |a Estudios y documentos / Instituto Nacional de Administracin̤ Pb︢lica  
506 1 |a Contenido solo disponible en los productos indicados  |d vLex Global  |d vLex Global (Academic Edition, excluding Law Schools)  |d vLex Global (U.S. Academic Edition, Law Schools)  |d vLex Global (U.S. Academic Edition, excluding Law Schools)  |d vLex Global (Academic Edition, Law Schools) 
650 0 7 |a Educacin̤  |2 Tesauro vLex 
650 0 7 |2 Tesauro vLex  |a Educacin̤ pb︢lica 
650 0 7 |2 Tesauro vLex  |a Universidades 
710 2 |a Instituto Nacional de Administracin̤ Pb︢lica (Espaą) 
740 0 |a vLex Libros (Servicio en ln̕ea) 
810 2 |a Instituto Nacional de Administracin̤ Pb︢lica (Espaą).  |t Estudios y documentos  
856 4 0 |u http://vlex.com/source/universidades-puublicas-regimen-juridico-informes-casos-practicos-5527  |z Acceso restringido 
942 |c BOOK